[Event "IV Open Amatori"]
[Site "Arvier ITA"]
[Date "2014.01.04"]
[Round "4"]
[White "Marguerettaz, Davy"]
[Black "Ranieri, Fabrizio"]
[WhiteElo "2188"]
[BlackElo "2278"]
[Result "1-0"]
[PlyCount "87"]
[EventDate "2014.01.02"]

1. d4 d5 2. c4 e6 3. Nc3 Nf6 4. cxd5 exd5 5. Bg5 Be7 6. e3 c6 7. Bd3 Nbd7 8.
Qc2 O-O 9. Nf3 Re8 10. h3 Nf8 11. Bf4 a6 12. Ne5 c5 13. O-O Ne6 14. dxc5 Nxf4
15. exf4 Bxc5 16. Nxd5 Qxd5 17. Bc4 Rxe5 18. Bxd5 Rxd5 19. Rad1 Bf5 20. Qc4
Rad8 21. Qxc5 Rxd1 22. Qxf5 R1d5 23. Qc2 h5 24. Re1 Rd2 25. Qb3 R8d7 26. Rc1 h4
27. f5 R2d5 28. Rc8+ Kh7 29. Qb4 Rxf5 30. Qxh4+ Rh5 31. Qc4 Rhd5 32. Rc7 Rxc7
33. Qxc7 Rd7 34. Qc2+ Kg8 35. Qc8+ Kh7 36. g4 Re7 37. h4 Ne8 38. h5 Nd6 39. Qd8
Re1+ 40. Kg2 Rd1 41. g5 Rd2 42. h6 Ne4 43. Qf8 Rxf2+ 44. Kg1 1-0

[Event "IV Open Amatori"]
[Site "Arvier ITA"]
[Date "2014.01.04"]
[Round "4"]
[White "Medici, Simone"]
[Black "Ortolani, Paolo"]
[WhiteElo "2131"]
[BlackElo "1801"]
[Result "1-0"]
[PlyCount "49"]
[EventDate "2014.01.02"]

1. d4 d6 2. e4 e5 3. c3 Nf6 4. Bd3 Be7 5. h3 c6 6. Nf3 Nbd7 7. O-O O-O 8. Re1
h6 9. a4 Nh7 10. a5 Ng5 11. Nbd2 Nxf3+ 12. Nxf3 Nf6 13. dxe5 dxe5 14. Nxe5 Qc7
15. Nf3 Nh7 16. e5 Ng5 17. Nxg5 hxg5 18. Qh5 g6 19. Qh6 Bd8 20. Bxg5 Bxg5 21.
Qxg5 Qd8 22. Qg3 Kg7 23. e6 Bxe6 24. Rxe6 fxe6 25. Qxg6+ 1-0

[Event "IV Open Amatori"]
[Site "Arvier ITA"]
[Date "2014.01.04"]
[Round "4"]
[White "Piazza, Giacomo"]
[Black "Scalfi, Agostino"]
[WhiteElo "1603"]
[BlackElo "1882"]
[Result "0-1"]
[PlyCount "66"]
[EventDate "2014.01.02"]

1. Nf3 d5 2. c4 Nf6 3. e3 Nc6 4. cxd5 Qxd5 5. Nc3 Qd8 6. a3 Bf5 7. Be2 e5 8.
Nh4 Bd3 9. O-O e4 10. Bxd3 exd3 11. Nf3 Qd6 12. e4 O-O-O 13. Re1 Qf4 14. Qb3
Bd6 15. Nd5 Nxd5 16. exd5 Nd4 17. Qxd3 Nxf3+ 18. Qxf3 Qxh2+ 19. Kf1 Qh1+ 20.
Ke2 Rhe8+ 21. Kd3 Rxe1 22. Kc2 Qh4 23. g4 Qf6 24. Qh3 Qxf2 25. Kb1 Qc5 26. Ka2
Rxc1 27. Rxc1 Qxc1 28. g5+ Kb8 29. Qxh7 Be5 30. d4 Bxd4 31. Qh2 Qxb2+ 32. Qxb2
Bxb2 33. Kxb2 Rxd5 0-1

[Event "IV Open Amatori"]
[Site "Arvier ITA"]
[Date "2014.01.04"]
[Round "4"]
[White "Siviero, Mattia"]
[Black "Pane, Gabriele"]
[WhiteElo "1700"]
[BlackElo "1662"]
[Result "1/2-1/2"]
[PlyCount "98"]
[EventDate "2014.01.02"]

1. d4 Nf6 2. Bf4 e6 3. e3 c5 4. c3 Nc6 5. Nd2 d5 6. Ngf3 Bd6 7. Bg3 Bxg3 8.
hxg3 b6 9. Bd3 cxd4 10. exd4 h6 11. Qe2 Qc7 12. Ne5 Nxe5 13. dxe5 Nd7 14. f4
Nc5 15. Bc2 Ba6 16. Qg4 Kf8 17. Qf3 Rc8 18. Qe3 Qc6 19. Nb3 Nxb3 20. axb3 Qb5
21. Rd1 Bb7 22. Rd4 Ke7 23. g4 Rc7 24. f5 Bc8 25. g5 h5 26. g6 exf5 27. Qg5+
Ke8 28. Rxh5 Rxh5 29. Qxh5 fxg6 30. Qxg6+ Rf7 31. Kf2 Qd7 32. c4 Qe6 33. Qxe6+
Bxe6 34. cxd5 Rd7 35. d6 Kf7 36. Kf3 g5 37. g3 Kg7 38. Bd3 Kf7 39. Bb5 Rd8 40.
Ra4 a5 41. Bc4 Bxc4 42. bxc4 Ke6 43. b4 axb4 44. Rxb4 Kxe5 45. Rxb6 Rxd6 46.
Rb5+ Ke6 47. g4 fxg4+ 48. Kxg4 Rd4+ 49. Kxg5 Rxc4 1/2-1/2

[Event "IV Open Amatori"]
[Site "Arvier ITA"]
[Date "2014.01.04"]
[Round "4"]
[White "Trovero, Leo"]
[Black "Paleologu, Vladimir"]
[WhiteElo "1744"]
[BlackElo "2175"]
[Result "0-1"]
[PlyCount "82"]
[EventDate "2014.01.02"]

1. e4 d6 2. d4 Nf6 3. Nc3 c6 4. f4 Qa5 5. Bd3 d5 6. Bd2 Qb6 7. Nf3 Bg4 8. O-O
e6 9. h3 Bxf3 10. Qxf3 dxe4 11. Nxe4 Qxd4+ 12. Be3 Qd8 13. Rad1 Nbd7 14. f5 e5
15. Bc4 Nxe4 16. Qxe4 Qe7 17. Rfe1 Nf6 18. Qf3 Qb4 19. Bb3 Bc5 20. c3 Qb6 21.
Qg3 Bxe3+ 22. Rxe3 O-O 23. Kh1 e4 24. Rd6 Nh5 25. Qg5 Qc5 26. Rh6 Qxe3 27. Qxe3
gxh6 28. g4 Ng7 29. f6 Ne8 30. Qxh6 Rd8 31. g5 Rd7 32. Bc2 Rd3 33. Bxd3 exd3
34. Qh5 Nc7 35. Qh6 Ne6 36. Qh5 Rd8 37. h4 d2 38. Qd1 Nc5 39. Kg2 Na4 40. g6
hxg6 41. h5 Nxb2 0-1

[Event "IV Open Amatori"]
[Site "Arvier ITA"]
[Date "2014.01.04"]
[Round "4"]
[White "Yeuillaz, Corrado"]
[Black "Boschetti, Claudio"]
[WhiteElo "2211"]
[BlackElo "2105"]
[Result "1-0"]
[PlyCount "77"]
[EventDate "2014.01.02"]

1. e4 e5 2. Nf3 Nc6 3. Bb5 a6 4. Ba4 Nf6 5. O-O Be7 6. Re1 b5 7. Bb3 O-O 8. d3
d6 9. c3 Na5 10. Bc2 c5 11. Nbd2 Nc6 12. Nf1 Re8 13. h3 h6 14. Ng3 Bf8 15. d4
g6 16. Be3 Kh7 17. d5 Nb8 18. b4 Nbd7 19. a4 Bb7 20. Qe2 c4 21. Ra3 Qc7 22.
Rea1 Bg7 23. Qd1 a5 24. axb5 axb4 25. cxb4 Nb6 26. Rxa8 Rxa8 27. Bxb6 Qxb6 28.
Rxa8 Bxa8 29. Qa1 Bb7 30. Qa5 Nd7 31. Ne2 Bc8 32. Nd2 c3 33. Nc4 Qb8 34. b6 Bf8
35. Ba4 Nxb6 36. Qxb6 Qa8 37. Na5 Ba6 38. Bc6 Bxe2 39. Bxa8 1-0

[Event "IV Open Amatori"]
[Site "Arvier ITA"]
[Date "2014.01.05"]
[Round "5"]
[White "Bagnod, Ruben"]
[Black "Piazza, Giacomo"]
[WhiteElo "1386"]
[BlackElo "1603"]
[Result "0-1"]
[PlyCount "84"]
[EventDate "2014.01.02"]

1. g3 Nf6 2. Nf3 e6 3. Bg2 Nc6 4. d3 Be7 5. O-O O-O 6. e4 d6 7. Nc3 e5 8. a4 h6
9. Bxh6 gxh6 10. Qd2 Kh7 11. d4 Rb8 12. d5 Na5 13. Nb5 c6 14. Nxa7 Bg4 15. Nh4
Ra8 16. Bf3 Bxf3 17. Nf5 Ng8 18. Qe3 Bh5 19. g4 Bg5 20. Qf3 Bg6 21. b4 Nc4 22.
Rad1 Nd2 23. Rxd2 Bxd2 24. h4 Bf4 25. Qh3 Rxa7 26. h5 Bxf5 27. exf5 Qg5 28.
dxc6 bxc6 29. a5 Nf6 30. f3 Rg8 31. Kf2 e4 32. Rg1 d5 33. c3 Be3+ 34. Kf1 Bxg1
35. Kxg1 Nxh5 36. Kf2 e3+ 37. Ke2 Nf4+ 38. Kxe3 Nxh3+ 39. Kd4 Qf4+ 40. Kc5 Qc4+
41. Kb6 Rga8 42. f6 Qb5# 0-1

[Event "IV Open Amatori"]
[Site "Arvier ITA"]
[Date "2014.01.05"]
[Round "5"]
[White "Baloire, Endy"]
[Black "Trovero, Leo"]
[WhiteElo "1961"]
[BlackElo "1744"]
[Result "1-0"]
[PlyCount "53"]
[EventDate "2014.01.02"]

1. d4 Nf6 2. Bf4 g6 3. Nf3 Bg7 4. e3 d6 5. h3 O-O 6. Be2 Nbd7 7. c3 c5 8. O-O
b6 9. a4 a6 10. Na3 Bb7 11. Rc1 Re8 12. Bh2 e5 13. b4 Nd5 14. Nc4 Qe7 15. bxc5
bxc5 16. Na5 N7b6 17. e4 Nxc3 18. Rxc3 Bxe4 19. dxe5 dxe5 20. Qb3 Rab8 21. Qa3
Nd5 22. Rc4 Bf5 23. Nc6 Qf6 24. Nxb8 e4 25. Ne5 Qg5 26. Rxc5 Bxh3 27. Qxh3 1-0

[Event "IV Open Amatori"]
[Site "Arvier ITA"]
[Date "2014.01.05"]
[Round "5"]
[White "Bogatto, Mario"]
[Black "Siviero, Mattia"]
[WhiteElo "1413"]
[BlackElo "1700"]
[Result "0-1"]
[PlyCount "80"]
[EventDate "2014.01.02"]

1. e4 c6 2. Nf3 d5 3. Nc3 dxe4 4. Nxe4 Bf5 5. Ng3 Bg6 6. h4 h6 7. Ne5 Bh7 8.
Qh5 g6 9. Bc4 e6 10. Qe2 Qe7 11. d3 Bg7 12. Nf3 Nd7 13. c3 Ngf6 14. d4 O-O-O
15. Bf4 Rhe8 16. O-O Nd5 17. Bd2 N7b6 18. Bb3 Qc7 19. Rfe1 Nf4 20. Qe4 Nfd5 21.
Re2 f5 22. Qd3 Bf6 23. Rae1 f4 24. Ne4 g5 25. Nxf6 Bxd3 26. Nxe8 Rxe8 27. Re5
Qd6 28. hxg5 Nd7 29. g6 Nxe5 30. Nxe5 Bf5 31. g7 Qc7 32. Bxd5 exd5 33. Bxf4
Qxg7 34. g3 h5 35. Nf3 Rg8 36. Nh4 Qg4 37. Nxf5 Qxf5 38. Kh2 h4 39. Re2 hxg3+
40. Bxg3 Qh5+ 0-1

[Event "IV Open Amatori"]
[Site "Arvier ITA"]
[Date "2014.01.05"]
[Round "5"]
[White "Boschetti, Claudio"]
[Black "Ortolani, Paolo"]
[WhiteElo "2105"]
[BlackElo "1801"]
[Result "1/2-1/2"]
[PlyCount "110"]
[EventDate "2014.01.02"]

1. e4 d6 2. d4 Nf6 3. Nc3 e5 4. Nf3 Nbd7 5. Bc4 Nb6 6. Be2 exd4 7. Nxd4 Be7 8.
a4 Nbd7 9. f4 Nc5 10. Bf3 c6 11. Qe2 Ne6 12. Nf5 O-O 13. Be3 Re8 14. Nxe7+ Qxe7
15. O-O-O Nd7 16. Qd2 Nb6 17. Qe2 Nd7 18. g4 a6 19. Qd2 b5 20. Qxd6 b4 21. Qxe7
Rxe7 22. Ne2 Bb7 23. Ng3 g6 24. Rd6 c5 25. Rhd1 Nd4 26. Bxd4 cxd4 27. R1xd4 Nc5
28. Rxb4 Rc8 29. Kb1 Bc6 30. b3 Ne6 31. f5 gxf5 32. gxf5 Ng5 33. Rxc6 Rxc6 34.
Rb8+ Kg7 35. e5 Nxf3 36. f6+ Rxf6 37. exf6+ Kxf6 38. Rb6+ Re6 39. a5 Nxh2 40.
c4 Ng4 41. b4 Ne5 42. Ne4+ Ke7 43. Ng5 Rc6 44. Rb7+ Kd8 45. c5 h5 46. Nxf7+
Nxf7 47. Rxf7 Rh6 48. Rf3 h4 49. Rh3 Kc7 50. Kc2 Kc6 51. Kd3 Rh5 52. Kc4 Rh6
53. Kd4 Rh5 54. Kc4 Rh6 55. Kd4 Rh5 1/2-1/2

[Event "IV Open Amatori"]
[Site "Arvier ITA"]
[Date "2014.01.05"]
[Round "5"]
[White "Coqueraut, Lodewyk"]
[Black "Cirrincione, Giansalvo"]
[WhiteElo "1716"]
[BlackElo "1795"]
[Result "0-1"]
[PlyCount "100"]
[EventDate "2014.01.02"]

1. d4 e6 2. c4 f5 3. Nc3 Nf6 4. e3 d5 5. Nf3 c6 6. Bd2 Bd6 7. h3 O-O 8. c5 Bc7
9. b4 Nbd7 10. a4 e5 11. dxe5 Nxe5 12. Nxe5 Bxe5 13. Rc1 Ne4 14. Nxe4 fxe4 15.
Qe2 Qf6 16. g4 d4 17. exd4 Bxd4 18. Be3 Bc3+ 19. Rxc3 Qxc3+ 20. Qd2 Qf6 21. Bg2
Be6 22. O-O Bd5 23. Bd4 Qg6 24. Qc3 h5 25. Qg3 hxg4 26. hxg4 Rf7 27. Re1 Raf8
28. Be3 Qh7 29. b5 g6 30. Rb1 Qh8 31. bxc6 Bxc6 32. a5 a6 33. Qd6 Qf6 34. Qd1
Rd8 35. Qc2 Qe6 36. Qe2 Qe5 37. Bh6 Rh7 38. g5 Rf7 39. Rd1 Rxd1+ 40. Qxd1 Rd7
41. Qb3+ Qd5 42. Qg3 Qd1+ 43. Kh2 Qd4 44. Bh3 Re7 45. Qb8+ Kh7 46. Qf8 Qe5+ 47.
Kg1 e3 48. f4 Qe4 49. Kh2 Qh1+ 50. Kg3 Qg1+ 0-1

[Event "IV Open Amatori"]
[Site "Arvier ITA"]
[Date "2014.01.05"]
[Round "5"]
[White "Gennaro, Isabella"]
[Black "Benazzo, Angelo"]
[WhiteElo "1767"]
[BlackElo "1771"]
[Result "1-0"]
[PlyCount "103"]
[EventDate "2014.01.02"]

1. e4 c5 2. Nf3 a6 3. d4 cxd4 4. Nxd4 d6 5. Nc3 Nc6 6. Be3 g6 7. Nxc6 bxc6 8.
Bd4 e5 9. Be3 Be6 10. f4 Bg7 11. f5 gxf5 12. exf5 Bxf5 13. Qf3 Qd7 14. Na4 e4
15. Qg3 Be5 16. Qf2 Qe6 17. c3 Ne7 18. Nb6 Rb8 19. Bxa6 Bg6 20. Nc4 f6 21. O-O
O-O 22. Nxe5 fxe5 23. Qe2 Nf5 24. Ba7 Ra8 25. Bb6 Bh5 26. Bc4 d5 27. Qxh5 dxc4
28. Qg4+ Kh8 29. Qxe4 Rab8 30. Bc7 Rbe8 31. Rae1 Qg6 32. Bxe5+ Kg8 33. Qxc4+
Rf7 34. Bf4 Ref8 35. Re6 Qg4 36. Rf3 h5 37. h3 Qh4 38. Re5 Kh7 39. Qxc6 Rf6 40.
Qe4 Kg8 41. Qd5+ Kh7 42. Bd2 Ng3 43. Rxf6 Qxf6 44. Qd3+ Nf5 45. Rd5 h4 46. a4
Kg7 47. c4 Kg8 48. Bc3 Qg6 49. Qe4 Kh7 50. Rd7+ Kh6 51. Bd2+ Kh5 52. Qf3+ 1-0

[Event "IV Open Amatori"]
[Site "Arvier ITA"]
[Date "2014.01.05"]
[Round "5"]
[White "Medici, Simone"]
[Black "Ciuffoletti, Paolo"]
[WhiteElo "2131"]
[BlackElo "2182"]
[Result "1-0"]
[PlyCount "51"]
[EventDate "2014.01.02"]

1. c4 g6 2. d4 Bg7 3. e4 d6 4. f4 Nc6 5. Nf3 Bg4 6. Be3 e5 7. fxe5 dxe5 8. d5
Nd4 9. Nbd2 f5 10. Qa4+ b5 11. cxb5 fxe4 12. Nxd4 exd4 13. Bxd4 Bxd4 14. Qxd4
e3 15. Ne4 Qe7 16. Bd3 O-O-O 17. Qxh8 Qh4+ 18. g3 Qh3 19. Bf1 Qh5 20. Qc3 Bf3
21. Rc1 Rd7 22. b6 axb6 23. Ba6+ Kb8 24. O-O Bxe4 25. Rf8+ Ka7 26. Qc6 1-0

[Event "IV Open Amatori"]
[Site "Arvier ITA"]
[Date "2014.01.05"]
[Round "5"]
[White "Ranieri, Fabrizio"]
[Black "Paleologu, Vladimir"]
[WhiteElo "2278"]
[BlackElo "2175"]
[Result "1/2-1/2"]
[PlyCount "146"]
[EventDate "2014.01.02"]

1. e4 d6 2. d4 Nf6 3. Nc3 Nbd7 4. Nf3 e5 5. g4 g6 6. Bg5 h6 7. Bh4 exd4 8. Qxd4
Bg7 9. O-O-O g5 10. Bg3 Nh5 11. Qe3 Nxg3 12. hxg3 O-O 13. Be2 Re8 14. Nd4 Nc5
15. f3 c6 16. Qd2 Qf6 17. Nb3 Nxb3+ 18. axb3 d5 19. exd5 cxd5 20. Qxd5 Be6 21.
Qxb7 Rab8 22. Qa6 Rec8 23. Qa5 Qe7 24. Rd2 Rc5 25. Qa3 Bxb3 26. Ne4 Bc4 27. c3
Bxe2 28. Qxc5 Qxc5 29. Nxc5 Bxf3 30. Rf1 Bxg4 31. Nd7 Rb7 32. Nf6+ Bxf6 33.
Rxf6 Kg7 34. Rdd6 Be6 35. Rf2 Kg6 36. b4 h5 37. Kd2 h4 38. gxh4 gxh4 39. Ke3 h3
40. Rd8 Rc7 41. Kd4 Rc4+ 42. Kd3 Rc7 43. Rd4 Rb7 44. Rb2 a5 45. b5 Kg5 46. Ra4
Bf5+ 47. Ke3 Re7+ 48. Kf3 Rd7 49. Rd4 Rb7 50. c4 a4 51. Ra2 Re7 52. Kg3 Re3+
53. Kh2 a3 54. b6 Rb3 55. c5 Be6 56. Ra4 Rb5 57. R4xa3 Bxa2 58. Rxa2 Rxc5 59.
b7 Rb5 60. Ra5 Rxa5 61. b8=Q Rf5 62. Kxh3 Rf3+ 63. Kg2 Rf5 64. Kg3 Rf6 65. Qg8+
Kf5 66. Kf3 Ke5+ 67. Ke3 Kf5 68. Qh7+ Kg5 69. Ke4 Re6+ 70. Kd5 Kf6 71. Qh4+ Kg6
72. Qf4 Kg7 73. Qg5+ Kf8 1/2-1/2

[Event "IV Open Amatori"]
[Site "Arvier ITA"]
[Date "2014.01.05"]
[Round "5"]
[White "Scalfi, Agostino"]
[Black "Pane, Gabriele"]
[WhiteElo "1882"]
[BlackElo "1662"]
[Result "0-1"]
[PlyCount "62"]
[EventDate "2014.01.02"]

1. e4 e6 2. d4 d5 3. Nc3 Bb4 4. e5 c5 5. Nf3 Nc6 6. Be2 cxd4 7. Nxd4 Nxe5 8.
O-O Bxc3 9. bxc3 Bd7 10. Ba3 Rc8 11. Nb5 Bxb5 12. Bxb5+ Nc6 13. Qd4 f6 14. Qg4
Kf7 15. Bd3 Ne5 16. Qb4 Qc7 17. Bb2 Ne7 18. f4 Nxd3 19. cxd3 Qc5+ 20. Rf2 Qxb4
21. cxb4 Rc6 22. Rc1 Rhc8 23. Rxc6 Rxc6 24. Rd2 Nf5 25. Kf2 Ke7 26. g3 Nd6 27.
Ke3 Kd7 28. a4 Ra6 29. a5 b6 30. axb6 Rxb6 31. Bd4 Nf5+ 0-1

[Event "IV Open Amatori"]
[Site "Arvier ITA"]
[Date "2014.01.05"]
[Round "5"]
[White "Yeuillaz, Corrado"]
[Black "Marguerettaz, Davy"]
[WhiteElo "2211"]
[BlackElo "2188"]
[Result "1/2-1/2"]
[PlyCount "109"]
[EventDate "2014.01.02"]

1. e4 e5 2. Nf3 Nc6 3. Bb5 a6 4. Ba4 d6 5. c3 g6 6. O-O Bg7 7. d4 Bd7 8. Re1
Nge7 9. dxe5 Nxe5 10. Nxe5 Bxe5 11. Nd2 Bxa4 12. Qxa4+ b5 13. Qc2 O-O 14. Nf3
Bg7 15. Be3 Nc6 16. Nd4 Ne5 17. h3 c5 18. Ne2 c4 19. Nc1 f5 20. f4 Qh4 21. Qf2
Qxf2+ 22. Bxf2 Nc6 23. exf5 Rxf5 24. Ne2 b4 25. Rad1 Rd8 26. g3 bxc3 27. bxc3
Rb5 28. Rd2 Kf7 29. Red1 Bf8 30. Nd4 Nxd4 31. Rxd4 Rc8 32. R4d2 Rcb8 33. Bd4 a5
34. Kf2 a4 35. Kf3 a3 36. Re2 Rb2 37. Rde1 Rxe2 38. Rxe2 Rb2 39. g4 Be7 40. Ke3
Ke6 41. Kf3+ Kd7 42. f5 gxf5 43. gxf5 Ke8 44. Rg2 Rxg2 45. Kxg2 Kf7 46. Kf3 Bd8
47. Ke4 Bf6 48. Be3 Bxc3 49. Kd5 Kf6 50. Kxc4 Bb2 51. Bf4 Kxf5 52. Bxd6 Kg5 53.
Be7+ Kf4 54. Kb3 Kg3 55. h4 1/2-1/2

[Event "II Festival Gabicce Mare A"]
[Site "Gabicce Mare ITA"]
[Date "2014.01.02"]
[Round "1"]
[White "Bisi, Samuele"]
[Black "Collutiis, Duilio"]
[WhiteElo "2074"]
[BlackElo "2484"]
[Result "0-1"]
[PlyCount "53"]
[EventDate "2014.01.02"]

1. d4 Nf6 2. c4 Nc6 3. Nc3 e5 4. d5 Ne7 5. e4 Ng6 6. Be3 Bb4 7. f3 O-O 8. Nge2
d6 9. Qd2 Nd7 10. Nc1 a5 11. Nd3 Nc5 12. Rb1 f5 13. Nxc5 Bxc5 14. Bxc5 dxc5 15.
exf5 Bxf5 16. Bd3 Bxd3 17. Qxd3 Qh4+ 18. Kd1 Qd4 19. Qxd4 exd4 20. Ne4 b6 21.
Kd2 Ne5 22. Rbc1 Rae8 23. Ng5 c6 24. Ne6 Rf6 25. Rhe1 Nxc4+ 26. Rxc4 cxd5 27.
Nc7 0-1

[Event "II Festival Gabicce Mare A"]
[Site "Gabicce Mare ITA"]
[Date "2014.01.02"]
[Round "1"]
[White "Collins, Sam E."]
[Black "Rago, Riccardo"]
[WhiteElo "2471"]
[BlackElo "2068"]
[Result "1-0"]
[PlyCount "69"]
[EventDate "2014.01.02"]

1. e4 c5 2. c3 d5 3. exd5 Qxd5 4. d4 Nf6 5. Nf3 e6 6. a3 Nc6 7. Be3 cxd4 8.
cxd4 Be7 9. Nc3 Qd8 10. Bd3 Nd5 11. O-O O-O 12. Qc2 h6 13. Rad1 Bd7 14. Nxd5
exd5 15. h3 Bf6 16. Qb3 Bc8 17. Bb1 Ne7 18. Bf4 b6 19. Be5 Bg5 20. h4 Bf6 21.
Rfe1 Be6 22. Bxf6 gxf6 23. Nh2 Kh8 24. Qe3 Ng8 25. Rc1 Qd7 26. Qd3 f5 27. g4
Ne7 28. Qe3 Kg7 29. Qe5+ Kh7 30. gxf5 Bxf5 31. Rc7 Rg8+ 32. Kh1 Qe6 33. Qxe6
fxe6 34. Bxf5+ exf5 35. Rexe7+ 1-0

[Event "II Festival Gabicce Mare A"]
[Site "Gabicce Mare ITA"]
[Date "2014.01.02"]
[Round "1"]
[White "Kosic, Dragan"]
[Black "Bonade', Massimo"]
[WhiteElo "2504"]
[BlackElo "2092"]
[Result "1/2-1/2"]
[PlyCount "76"]
[EventDate "2014.01.02"]

1. d4 Nf6 2. Nf3 e6 3. e3 b6 4. Bd3 Bb7 5. O-O Be7 6. c4 Ne4 7. Nbd2 f5 8. b3
O-O 9. Bb2 Qe8 10. Qc2 Nxd2 11. Nxd2 Nc6 12. a3 Bf6 13. f4 Qh5 14. Nf3 Ne7 15.
Rae1 h6 16. Ne5 Rad8 17. Be2 Qe8 18. Bf3 Bxf3 19. Nxf3 a5 20. g3 Qh5 21. e4
fxe4 22. Rxe4 Nf5 23. Ree1 Qg4 24. Qg2 h5 25. Ne5 Bxe5 26. dxe5 h4 27. Qf3 Qxf3
28. Rxf3 hxg3 29. hxg3 Kf7 30. g4 Nh6 31. Rg3 Ke7 32. Bc1 Nf7 33. f5 Rh8 34.
Rf1 Rdg8 35. f6+ Ke8 36. g5 g6 37. Bf4 Rh4 38. Rff3 Rgh8 1/2-1/2

[Event "II Festival Gabicce Mare A"]
[Site "Gabicce Mare ITA"]
[Date "2014.01.02"]
[Round "1"]
[White "Movileanu, Daniela"]
[Black "Petkov, Vladimir"]
[WhiteElo "2096"]
[BlackElo "2572"]
[Result "0-1"]
[PlyCount "108"]
[EventDate "2014.01.02"]

1. e4 d5 2. exd5 Qxd5 3. Nc3 Qd6 4. d4 Nf6 5. Nf3 Bg4 6. g3 Nc6 7. Bg2 O-O-O 8.
O-O e6 9. a4 a6 10. Bf4 Qb4 11. Ne2 Bxf3 12. Bxf3 Nxd4 13. Nxd4 Rxd4 14. Qe2
Rxf4 15. gxf4 Qxf4 16. Qe3 Qxe3 17. fxe3 Bc5 18. Kf2 Nd7 19. Rad1 Ne5 20. b3 f5
21. Ke2 g5 22. h3 h5 23. Bg2 Ng6 24. b4 Bd6 25. b5 a5 26. b6 Ne5 27. Ra1 Bc5
28. bxc7 Kxc7 29. Rab1 b6 30. Rb3 Rg8 31. e4 f4 32. h4 gxh4 33. Bh3 Nc6 34.
Rxf4 Nd4+ 35. Kd1 Rg1+ 36. Rf1 Rg6 37. Rd3 b5 38. c3 Nc6 39. axb5 Ne5 40. Rd2
a4 41. Kc2 Be3 42. Rg2 Ng4 43. Rf7+ Kb6 44. c4 Bd4 45. Bxg4 hxg4 46. Rh7 Bf6
47. e5 Bxe5 48. Rxh4 g3 49. Re4 Rg5 50. Kb1 Ka5 51. Ka2 Rf5 52. Rge2 Bg7 53.
Rxe6 Rf2 54. Ra6+ Kb4 0-1

[Event "II Festival Gabicce Mare A"]
[Site "Gabicce Mare ITA"]
[Date "2014.01.03"]
[Round "2"]
[White "Altini, Nicola"]
[Black "Collins, Sam E."]
[WhiteElo "2363"]
[BlackElo "2471"]
[Result "0-1"]
[PlyCount "96"]
[EventDate "2014.01.02"]

1. d4 Nf6 2. c4 g6 3. Nc3 Bg7 4. e4 d6 5. Nf3 O-O 6. Be2 e5 7. O-O Nbd7 8. Be3
Re8 9. d5 Nh5 10. g3 Bf8 11. Nd2 Ng7 12. b4 f5 13. f3 Be7 14. Nb3 Nf6 15. Qd2
fxe4 16. fxe4 Ng4 17. Bxg4 Bxg4 18. c5 Bh3 19. Rf2 Nh5 20. Na5 Rb8 21. cxd6
Bxd6 22. Nb5 a6 23. Nxd6 cxd6 24. Bh6 Nf6 25. Re1 Ng4 26. Bg5 Qb6 27. Nc4 Qxf2+
28. Qxf2 Nxf2 29. Kxf2 Rbc8 30. Nxd6 Rf8+ 31. Ke3 Rc3+ 32. Kd2 Ra3 33. Kc1 Rf2
34. Kb1 Raxa2 35. Nc4 Rae2 36. Rxe2 Rxe2 37. Nxe5 Rxe4 38. Nd3 Rd4 39. Nf4
Rxb4+ 40. Kc2 Bd7 41. Kc3 Rb5 42. Kc4 b6 43. Nd3 Kf7 44. h4 Ke8 45. Kd4 a5 46.
Nf2 Bf5 47. g4 Bc2 48. Kc3 Bb1 0-1

[Event "II Festival Gabicce Mare A"]
[Site "Gabicce Mare ITA"]
[Date "2014.01.03"]
[Round "2"]
[White "Collutiis, Duilio"]
[Black "Sbarra, Marco"]
[WhiteElo "2484"]
[BlackElo "2263"]
[Result "1/2-1/2"]
[PlyCount "82"]
[EventDate "2014.01.02"]

1. Nf3 d5 2. b3 c5 3. e3 Nf6 4. Bb2 e6 5. c4 Nc6 6. cxd5 exd5 7. Bb5 Bd6 8. O-O
O-O 9. d4 Bg4 10. Be2 a6 11. dxc5 Bxc5 12. Nc3 Ba7 13. Rc1 Re8 14. Nd4 Bd7 15.
Nb1 Ne4 16. Nxc6 Bxc6 17. Bd4 Bb8 18. Nd2 Qd6 19. g3 Bd7 20. Bf3 Bh3 21. Bg2
Qh6 22. Qc2 Bd6 23. Qb2 Bxg2 24. Kxg2 Ng5 25. f4 Ne6 26. Nf3 Qg6 27. Kf2 h5 28.
Rfd1 Rac8 29. Rxc8 Rxc8 30. Rc1 Re8 31. Qc2 Qg4 32. Qd3 Be7 33. Kg2 h4 34. Ne5
Qh5 35. g4 h3+ 36. Kf3 Qh4 37. Qf5 Bf6 38. g5 Bxe5 39. Bxe5 Qh5+ 40. Kf2 Qh4+
41. Kf3 Qh5+ 1/2-1/2

[Event "II Festival Gabicce Mare A"]
[Site "Gabicce Mare ITA"]
[Date "2014.01.03"]
[Round "2"]
[White "Kalegin, Evgenij"]
[Black "Lantini, Marco"]
[WhiteElo "2429"]
[BlackElo "2111"]
[Result "1-0"]
[PlyCount "95"]
[EventDate "2014.01.02"]

1. e4 e5 2. Bc4 Nf6 3. d3 c6 4. Nf3 Be7 5. O-O d6 6. Re1 O-O 7. Bb3 Nbd7 8. c3
Qc7 9. d4 b6 10. Nbd2 Bb7 11. Nf1 Rfe8 12. dxe5 Nxe5 13. Nxe5 dxe5 14. Ng3 Rad8
15. Qf3 c5 16. Bc4 Bc6 17. a4 Qb7 18. Bg5 a6 19. Bxf6 Bxf6 20. Nh5 b5 21. axb5
axb5 22. Nxf6+ gxf6 23. Bf1 Rd6 24. Re3 Ra8 25. Rae1 Ra2 26. Qh5 Kf8 27. Qxh7
Rxb2 28. Rg3 c4 29. Rg7 Be8 30. Rg8+ Ke7 31. Qh6 Kd8 32. Qh8 Qc6 33. Ra1 Re6
34. Qh7 Kc7 35. Qf5 b4 36. cxb4 c3 37. b5 Qc5 38. Rxe8 c2 39. Rxe6 fxe6 40.
Qh7+ Kb8 41. Rc1 Rb1 42. Qh6 Qc3 43. Qf8+ Kb7 44. Qe7+ Kb8 45. Qd6+ Ka7 46.
Qa6+ Kb8 47. b6 Rxc1 48. Qa7+ 1-0

[Event "II Festival Gabicce Mare A"]
[Site "Gabicce Mare ITA"]
[Date "2014.01.03"]
[Round "2"]
[White "Petkov, Vladimir"]
[Black "Aghayev, Miragha"]
[WhiteElo "2572"]
[BlackElo "2352"]
[Result "1-0"]
[PlyCount "53"]
[EventDate "2014.01.02"]

1. d4 Nf6 2. c4 g6 3. g3 Bg7 4. Bg2 d5 5. cxd5 Nxd5 6. e4 Nb6 7. Ne2 c5 8. d5
O-O 9. O-O e6 10. Nec3 exd5 11. exd5 Na6 12. Nd2 Bf5 13. Nde4 Nc4 14. Qb3 Na5
15. Qa4 Qb6 16. d6 Nb4 17. Be3 Bxe4 18. Nxe4 Na6 19. Rac1 Qb4 20. Nxc5 Bxb2 21.
Qxb4 Nxb4 22. Rb1 Nc4 23. Bg5 a5 24. Nxb7 Kg7 25. Be7 Rfe8 26. Nxa5 Rxa5 27. d7
1-0

[Event "II Festival Gabicce Mare A"]
[Site "Gabicce Mare ITA"]
[Date "2014.01.03"]
[Round "3"]
[White "Bodiroga, Predrag"]
[Black "Kalegin, Evgenij"]
[WhiteElo "2376"]
[BlackElo "2429"]
[Result "0-1"]
[PlyCount "84"]
[EventDate "2014.01.02"]

1. d4 d6 2. Nf3 Nf6 3. c4 g6 4. Nc3 Bg7 5. e4 O-O 6. h3 e5 7. d5 Nh5 8. g3 Qe8
9. Be2 f5 10. exf5 gxf5 11. Nh4 Nf6 12. g4 f4 13. Qc2 Na6 14. Bd2 Nb4 15. Qb3
a5 16. O-O-O Nd7 17. Ne4 Nc5 18. Nxc5 dxc5 19. Rde1 a4 20. Qa3 e4 21. Bc3 e3
22. f3 Qe7 23. Ng2 Bd7 24. Rd1 Be8 25. Ne1 Bg6 26. h4 h6 27. h5 Bh7 28. Rh2 Ra6
29. Bxg7 Qxg7 30. Nd3 Qe7 31. Rg1 Bxd3 32. Bxd3 Qe5 33. Rd1 Nxd3+ 34. Qxd3 a3
35. b3 Rd6 36. Re2 c6 37. Kb1 Rfd8 38. g5 hxg5 39. Rg1 cxd5 40. Reg2 Kh8 41.
Qc2 dxc4 42. Rxg5 Rd1+ 0-1

[Event "II Festival Gabicce Mare A"]
[Site "Gabicce Mare ITA"]
[Date "2014.01.03"]
[Round "3"]
[White "Collins, Sam E."]
[Black "Kostic, Vladimir G."]
[WhiteElo "2471"]
[BlackElo "2411"]
[Result "1/2-1/2"]
[PlyCount "39"]
[EventDate "2014.01.02"]

1. e4 c5 2. c3 e6 3. d4 d5 4. e5 Nc6 5. Nf3 Bd7 6. Be2 Nge7 7. Na3 Nf5 8. Nc2
cxd4 9. cxd4 Nb4 10. Nxb4 Bxb4+ 11. Bd2 Qb6 12. Bxb4 Qxb4+ 13. Qd2 Qxd2+ 14.
Kxd2 Ne7 15. Rhc1 Nc6 16. Rc5 a6 17. Rac1 Ke7 18. Bd1 Rhc8 19. R1c3 Na5 20. b3
1/2-1/2

[Event "II Festival Gabicce Mare A"]
[Site "Gabicce Mare ITA"]
[Date "2014.01.03"]
[Round "3"]
[White "Drazic, Sinisa"]
[Black "Petkov, Vladimir"]
[WhiteElo "2421"]
[BlackElo "2572"]
[Result "0-1"]
[PlyCount "94"]
[EventDate "2014.01.02"]

1. d4 Nf6 2. c4 Nc6 3. Nc3 e5 4. d5 Ne7 5. Nf3 Ng6 6. a3 a5 7. g3 Bc5 8. Bg5 h6
9. Bxf6 Qxf6 10. Bg2 O-O 11. h4 Qb6 12. O-O Re8 13. Na4 Qa7 14. h5 Nf8 15. b4
Be7 16. c5 d6 17. Qc2 Bg4 18. b5 Bxh5 19. b6 cxb6 20. cxd6 Bxd6 21. Qb2 b5 22.
Qxb5 e4 23. Nh4 Bxg3 24. Nf5 Be5 25. d6 b6 26. Rab1 Rad8 27. Nxb6 Bg6 28. Nc4
Bf6 29. Nfe3 Ne6 30. Qb6 Qxb6 31. Rxb6 Nf4 32. Rd1 Nxe2+ 33. Kf1 Nf4 34. Nd5
Bh5 35. Rd2 Bg5 36. Nde3 Nxg2 37. Kxg2 f5 38. Nxf5 Bxd2 39. Nxd2 Re6 40. Nc4
Be2 41. Ne7+ Kh7 42. Nc6 Rg6+ 43. Kh3 Bf1+ 44. Kh2 Rf8 45. N6e5 Rg2+ 46. Kh1
Rf4 47. Ng6 Rxg6 0-1